[Event "IECG CE.2008.0.00105 email"]
[Site "IECG email"]
[Date "2008.06.07"]
[Round "?"]
[White "Krishnamurthy, Prabhanandan"]
[Black "Osorio, Ruben"]
[Result "1-0"]
[WhiteElo "1347"]
[BlackElo "1324"]
[PlyCount "35"]
[EventDate "2008.06.07"]
[EventType "tourn (corr)"]
[EventRounds "6"]
[SourceTitle "Corr 2024"]
[Source "ChessBase"]
[SourceDate "2023.10.19"]
[SourceVersion "1"]
[SourceVersionDate "2023.10.19"]
[SourceQuality "1"]

1. e4 c5 2. Nf3 Nc6 3. d4 cxd4 4. Nxd4 Nf6 5. Nc3 d6 6. Bg5 e6 7. Qd2 Be7 8. 0-0-0 0-0 9. f4 Qb6 10. Nxc6 Qxc6 11. Bb5 Qc7 12. Bxf6 Bxf6 13. Qxd6 Qxd6 14. Rxd6 a6 15. Be2 b5 16. e5 Be7 17. Rd3 Rb8 18. Rhd1 1-0

[Event "IECG CE.2006.0.00098 email"]
[Site "IECG email"]
[Date "2006.08.27"]
[Round "?"]
[White "Osorio, Ruben"]
[Black "Trevis, Robert R"]
[Result "1-0"]
[WhiteElo "1324"]
[BlackElo "1319"]
[PlyCount "65"]
[EventDate "2006.08.27"]
[EventType "tourn (corr)"]
[EventRounds "6"]
[SourceTitle "Corr 2011"]
[Source "ChessBase"]
[SourceDate "2010.08.31"]
[SourceVersion "1"]
[SourceVersionDate "2010.08.31"]
[SourceQuality "1"]

1. e4 e5 2. Nf3 Nc6 3. Bb5 a6 4. Ba4 b5 5. Bb3 Nf6 6. d3 d5 7. 0-0 dxe4 8. dxe4 Qxd1 9. Rxd1 Nxe4 10. Re1 Bf5 11. Bd5 Bd7 12. Bxe4 f6 13. Be3 0-0-0 14. Nc3 b4 15. Ne2 Bd6 16. Ng3 g6 17. Bd5 Kb7 18. Ne2 Bf5 19. c3 Bd3 20. cxb4 Bxb4 21. Bxc6+ Kxc6 22. Rec1+ Kb7 23. Nc3 Rhe8 24. a3 Be7 25. h3 c5 26. Na4 c4 27. Rc3 Kc6 28. Rac1 Kb7 29. Nb6 e4 30. Ne1 Be2 31. Nxc4 Kb8 32. Rb3+ Ka8 33. Nb6+ 1-0

[Event "IECG CE.2006.0.00098 email"]
[Site "IECG email"]
[Date "2006.08.27"]
[Round "?"]
[White "Platt, Andrew"]
[Black "Osorio, Ruben"]
[Result "1-0"]
[WhiteElo "1262"]
[BlackElo "1324"]
[PlyCount "63"]
[EventDate "2006.08.27"]
[EventType "tourn (corr)"]
[EventRounds "6"]
[SourceTitle "Corr 2011"]
[Source "ChessBase"]
[SourceDate "2010.08.31"]
[SourceVersion "1"]
[SourceVersionDate "2010.08.31"]
[SourceQuality "1"]

1. e4 c5 2. Nf3 Nc6 3. Bb5 e6 4. 0-0 Nge7 5. c3 d5 6. exd5 Qxd5 7. Qe2 a6 8. Ba4 Ng6 9. d4 b5 10. Bb3 c4 11. Bc2 Bb7 12. b3 Be7 13. bxc4 Qxc4 14. Qxc4 bxc4 15. Nbd2 Na5 16. Ba4+ Kd8 17. g3 Bd5 18. h4 Nc6 19. Bxc6 Bxc6 20. h5 Nf8 21. Ne5 Be8 22. Nexc4 Rc8 23. a4 Nd7 24. Ba3 Nf6 25. Rfb1 Nd5 26. Bxe7+ Kxe7 27. Rb7+ Rc7 28. Rxc7+ Nxc7 29. Rb1 Bxa4 30. Rb7 Kd7 31. Ne4 Kc6 32. Nc5 1-0

[Event "IECC CL6-2006.11 email"]
[Site "IECC email"]
[Date "2006.07.27"]
[Round "?"]
[White "Osorio, Ruben"]
[Black "Von Rosenberg, Clemens"]
[Result "0-1"]
[WhiteElo "1313"]
[BlackElo "1450"]
[PlyCount "58"]
[EventDate "2006.??.??"]
[EventType "tourn (corr)"]
[EventRounds "4"]
[SourceTitle "Corr 2015"]
[Source "ChessBase"]
[SourceDate "2015.07.17"]
[SourceVersion "1"]
[SourceVersionDate "2015.07.17"]
[SourceQuality "1"]
[WhiteTeam "Chile"]
[BlackTeam "Germany"]
[WhiteTeamCountry "CHI"]
[BlackTeamCountry "GER"]

1. d4 f5 2. g3 Nf6 3. Bg2 e6 4. Nf3 Be7 5. 0-0 0-0 6. c4 d6 7. b3 Ne4 8. Bb2 Nd7 9. Nbd2 c5 10. Qc2 Ndf6 11. Rad1 Nxd2 12. Nxd2 cxd4 13. Bxd4 e5 14. Bc3 Qb6 15. h3 Be6 16. Nf3 Ne4 17. Bd2 Nxd2 18. Qxd2 f4 19. g4 Rac8 20. Qd3 Rc5 21. Nd2 Ra5 22. a3 Rxa3 23. Bd5 Bxd5 24. Qxd5+ Rf7 25. e3 fxe3 26. fxe3 Qxe3+ 27. Kg2 Bf6 28. Ne4 Rxb3 29. Nxf6+ Kh8 0-1

[Event "IECC KO-2064"]
[Site "IECC email"]
[Date "2004.11.24"]
[Round "?"]
[White "Osorio, Ruben"]
[Black "Owen, Keith"]
[Result "0-1"]
[WhiteElo "1270"]
[BlackElo "1437"]
[PlyCount "66"]
[EventDate "2004.??.??"]
[EventType "match (corr)"]
[EventRounds "2"]
[SourceTitle "Corr 2020"]
[Source "ChessBase"]
[SourceDate "2019.09.30"]
[SourceVersion "1"]
[SourceVersionDate "2019.09.30"]
[SourceQuality "1"]
[WhiteTeam "Chile"]
[BlackTeam "Wales"]
[WhiteTeamCountry "CHI"]
[BlackTeamCountry "WLS"]

1. e4 e5 2. Nf3 Nc6 3. Bc4 Bc5 4. b4 Bxb4 5. c3 Bd6 6. d4 Nf6 7. 0-0 Nxe4 8. Re1 f5 9. Nxe5 Bxe5 10. dxe5 Qh4 11. Qf3 Nxf2 12. Bf7+ Kxf7 13. Qxf5+ Ke8 14. Qxf2 Qxf2+ 15. Kxf2 Rf8+ 16. Kg1 b6 17. Ba3 Rf4 18. Nd2 Ra4 19. Bb2 Ba6 20. a3 Ke7 21. Rad1 Bc4 22. Re3 Rf8 23. Rh3 h6 24. Rg3 Rf7 25. Re1 Bb5 26. Nf3 Raf4 27. Bc1 Rc4 28. Bd2 g5 29. Re2 g4 30. Nh4 Re4 31. Rf2 Rxf2 32. Kxf2 Re2+ 33. Kg1 Rxd2 0-1

[Event "IECC CL6-2004.17 email"]
[Site "IECC email"]
[Date "2004.08.14"]
[Round "?"]
[White "Osorio, Ruben"]
[Black "McCarthy, Michael"]
[Result "1-0"]
[WhiteElo "1222"]
[BlackElo "1265"]
[PlyCount "51"]
[EventDate "2004.??.??"]
[EventType "tourn (corr)"]
[EventRounds "4"]
[SourceTitle "Corr 2008"]
[Source "ChessBase"]
[SourceDate "2008.06.24"]
[SourceVersion "1"]
[SourceVersionDate "2008.06.24"]
[SourceQuality "1"]

1. e4 d6 2. d4 Nf6 3. Nc3 g6 4. f4 Bg7 5. Nf3 0-0 6. Bd3 Nc6 7. 0-0 Bg4 8. e5 Nd7 9. Be3 a6 10. h3 Bxf3 11. Qxf3 Rb8 12. b3 dxe5 13. dxe5 f5 14. Bc4+ Kh8 15. Rad1 Qe8 16. Be6 Rd8 17. Nd5 Rc8 18. Nxe7 Qxe7 19. Bxd7 Rcd8 20. Bxc6 Rxd1 21. Rxd1 bxc6 22. Qxc6 Qa3 23. Bc5 Qxa2 24. Bxf8 Bxf8 25. Qf6+ Kg8 26. Rd7 1-0

[Event "IECC CL6-2004.17 email"]
[Site "IECC email"]
[Date "2004.08.14"]
[Round "?"]
[White "Popp, Tony"]
[Black "Osorio, Ruben"]
[Result "0-1"]
[WhiteElo "1331"]
[BlackElo "1200"]
[PlyCount "50"]
[EventDate "2004.??.??"]
[EventType "tourn (corr)"]
[EventRounds "4"]
[SourceTitle "Corr 2008"]
[Source "ChessBase"]
[SourceDate "2008.06.24"]
[SourceVersion "1"]
[SourceVersionDate "2008.06.24"]
[SourceQuality "1"]

1. f4 c5 2. e4 g6 3. d4 cxd4 4. Nf3 Bg7 5. Nxd4 Nc6 6. Nf3 d6 7. h3 Nf6 8. Bd3 0-0 9. Nc3 Qb6 10. g4 e6 11. b3 Rd8 12. Na4 Qc7 13. Bb2 d5 14. e5 Ne4 15. Nd4 Nxd4 16. Bxd4 b5 17. Nb2 Qa5+ 18. c3 Nxc3 19. Qd2 b4 20. a3 Rb8 21. 0-0 Ne4 22. Qe1 Bf8 23. Bxe4 dxe4 24. Nc4 Qc7 25. Qe3 Rxd4 0-1